| 000 | 00443nam a22001697a 4500 | ||
|---|---|---|---|
| 008 | 140523b xxu||||| |||| 00| 0 eng d | ||
| 020 | _a055338063X | ||
| 041 | 0 | _aeng | |
| 080 | _a72 | ||
| 100 | _aWolfe, Tom. | ||
| 245 | 1 | 0 |
_aFrom Bauhaus to our house / _cTom Wolfe. |
| 260 |
_aNew York : _bFarrar Straus Giroux, _c1981. |
||
| 300 |
_a111 f.: _bme il.; _c21 cm. |
||
| 610 | 2 | 0 |
_aBauhaus _xNdikimi |
| 650 | 0 |
_aArkitektura _zSHBA |
|
| 942 |
_2udc _cBK |
||
| 999 |
_c464 _d464 |
||